000 00451nam a2200133Ia 4500
008 220615s9999||||xx |||||||||||||| ||und||
020 _a9780260000000
100 _aWilliamson, Ben
245 4 _aThe Future of the Curriculum
_bSchool Knowledge in the Digital Age
546 _aEnglish[eng]
650 _aCurriculum planning and development||Impact of science and technology on society
856 _uhttp://mitpress.mit.edu/9780262518826
942 _cEB
999 _c11377
_d11377